00773nam a22002057a 450000500170000001000150001702000260003203500140005803700090007208200080008124500600008925000060014926000370015527001190019230000200031170000430033194200220037499900190039695201520041520250124143632.0 aENG-143570 a9788174347824c300.00 aEN-127102 bDBAD a881 aFregnance of the Earth/cTranslated By Madhuri Shanbhag a1 aChennaibRajhans Prakashanc2014 a1st Floor, A Block, East Wing, Plot No. 40, SP Info City, Dr. MGR Salai, Perungudi, KandanchavadibChennaie600096 a165p.c21cm(pb) aShanbhag, Madhuri eTranslated 976979 2ddccENh881mFRE c208736d208736 001040708NFICaVPbVPd2025-01-24eDelivery of Books Act Divisiong300.00l0o881 FREpEN-127102r2025-01-24 00:00:00t1v300.00w2025-01-24yEN